000 00952nam a22003017a 4500
001 4864
003 FISKH
005 20250513102704.0
008 241021b cb ||||| |||| 00| 0 eng d
020 _a9780590543491
040 _aFISKH
_beng
_cFISKH
_dFISKH
050 _aPZ7.P2747
082 _a514
100 _aPatrick, Lewis Denise
_d(1972-)
245 _aThe car washing street /
_cDenise Lewis Patrick pictures by John Ward
250 _aPublished in 1993
260 _aNew York :
_bScholastic,
_c1993.
300 _a30 pages :
_bcolor illustrations ;
_c28 cm.
505 _aN
520 _aEven though his parents do not own a car, Matthew looks forward to Saturday mornings when all the people on his street wash their cars.
521 8 _a580
_bLexile
521 8 _aN
_bRaz-Plus
650 _2Family
_aFiction
650 _2Summer
_aNeighbors
700 _aWard, John
_dillustrator
942 _2ddc
_cBK
_n0
999 _c4864
_d4864